000 00743nam a2200181Ia 4500
008 100921s9999 xx 000 0 und d
082 _b28531
_a891.461 थ 93
100 _aसावंत वसंत.
245 _aमाझ्या दारातले सोनचाफ्याचे झाड.
260 _bपॉप्युलर प्रकाशन, मुंबई.
_c1993
300 _a76
_b---
365 _b60
520 _aललित-काव्य.
630 _aमाझ्या दारातले सोनचाफ्याचे झाड.
650 _aललित-काव्य.
730 _aमाझ्या दारातले सोनचाफ्याचे झाड.
942 _cBOOK
999 _c777644
_d777641